Llamados a la libertad: lo que está en juego en toda formación cristiana

Gespeichert in:
Bibliographische Detailangaben
1. Verfasser: Thomas, Joseph (VerfasserIn)
Format: Buch
Sprache:Spanisch
Veröffentlicht: Santander Sal Terrae 1986
Ausgabe:1a. ed
Schriftenreihe:ST Breve, 16
Schlagworte:
Tags: Tag hinzufügen
Keine Tags, Fügen Sie den ersten Tag hinzu!

MARC

LEADER 00000cam a2200000 a 4500
001 UCD3095
003 CL-VaPUC
008 160526e19860000sp |||||||||||||||||spa|d
082 0 4 |a 220.6  |b THO  |2 21 
100 0 |a Thomas, Joseph  |e author  |9 586465 
245 1 0 |a Llamados a la libertad: lo que está en juego en toda formación cristiana 
250 |a 1a. ed 
300 |a 87 p 
942 |c BK 
945 |d 20160526 21:26:00  |a dcastane 
260 |a Santander  |b Sal Terrae  |c 1986 
650 0 |a Libertad  |9 255686 
650 0 |a Vida cristiana  |9 258753 
583 |a last modification  |c 20160526 21:26:00  |k Rodrigo Vera 
490 0 |a ST Breve, 16 
999 |c 364159  |d 364157 
952 |0 0  |1 0  |3 erb  |4 0  |6 220_600000000000000_THO_1986  |7 0  |8 A  |9 477103  |a BIBTEO  |b BIBTEO  |e Villagrán Garnham, Jorge  |i 5311233  |o 220.6 THO 1986  |p 5311233  |r 2025-01-17  |w 2019-11-24  |y BK  |z Catalogado en:20160526  |k ICR